Vzťah morfologického ultrazvukového nálezu a dopplerovských vyšetrení v 1. trimestri gravidity

Bibliographic Details
Main Authors: Kleskeň, Peter, 1947- (Author), Rusňák, Igor (Author), Štencl, Ján, 1940- (Author)
Format: Article
Language:Slovak
PhysicalDescription:Obr. 3, tab. 1, res. angl., slov., lit. 6 zázn. v angl., slov.
ISBN:808566545X
Subjects:

MARC

LEADER 00000nab a2200000 a 4500
001 vtls000559343
003 SK-MaSNL
005 20260304175131.0
008 220422c1994 xo 0 slo
015 |a SNBRA19rr/mm-uuuuu 
035 |a CL0559481 
040 |a SNKBUCL  |b slo  |c SNKBUCL  |e AACR2 
041 0 |a slo 
044 |a xo  |c SK 
080 |a 618.2-073.756.8  |2 1981 
100 1 |a Kleskeň, Peter,  |d 1947-  |4 aut  |9 190640 
245 1 0 |a Vzťah morfologického ultrazvukového nálezu a dopplerovských vyšetrení v 1. trimestri gravidity  |c Peter Kleskeň, Igor Rusňák, Ján Štencl 
300 |b Obr. 3, tab. 1, res. angl., slov., lit. 6 zázn. v angl., slov. 
650 0 7 |a tehotenstvo  |2 snkbucl  |9 2477 
650 0 7 |a sonografia transvaginálna  |2 snkbucl  |9 991410 
655 7 |a články zo zborníkov  |2 snkbucl  |9 166140 
700 1 |a Rusňák, Igor  |4 aut  |9 474194 
700 1 |a Štencl, Ján,  |d 1940-  |4 aut  |9 201971 
773 0 |t Placenta '94  |d Bratislava : Slovak Academic Press, 1994  |g S. 31-35  |z 808566545X 
850 |a Slovenská národná knižnica v Martine  |a MTA001 
852 |a SNK  |b KIS3GCP 
958 |a RK 
958 |a ME 
992 |a RZB 
999 |c 3012111  |d 3014041